Bluey Trivia - Multiple Choice - Statistics

General Stats
  • This quiz has been taken 621 times
    78 since last reset
  • The average score is 13 of 16
Answer Stats
Question Answer % Correct
What's the name of Bluey's little sister? Bingo
95%
What's the name of Bluey's father? Bandit
94%
What's the name of Bluey's mother? Chilli
91%
In which country is this show taking place? Australia
89%
What's Bluey's last name? Heeler
88%
What are Janet and Rita? Grannies
86%
What's the name of the "very obedient" English Bulldog friend? Winton
86%
Which one is Bluey's house?
83%
Which of the following is NOT a cousin of Bluey? Scone
83%
Which one is Mackenzie?
80%
What record does this series hold in both 2024 and 2025? Most streamed show in the US
80%
What are the names of the triplets who like war games? The Terriers
80%
Who is Calypso? Bluey's teacher
78%
What's Mr. Unicorse's favorite line? Annnnd why should I care?
74%
During the obstacle course, what animal does Bluey's father compare himself to? A mongoose
62%
What sport does Bluey's mother like to play? Hockey
60%
No matching quizzes found
Score Distribution
Percent of People with Each Score
Percentile by Number Answered
Your Score History
You have not taken this quiz since the last reset